Process systems analysis and control (Record no. 13575)

000 -LEADER
fixed length control field 00578nam a22002051 4500
001 - CONTROL NUMBER
control field 13575
003 - CONTROL NUMBER IDENTIFIER
control field BD-DhUET
008 - FIXED-LENGTH DATA ELEMENTS--GENERAL INFORMATION
fixed length control field 730306s1965 nyua b 000 0 eng
040 ## - CATALOGING SOURCE
Original cataloging agency DLC
Transcribing agency DLC
Modifying agency BD-DhUET
082 ## - DEWEY DECIMAL CLASSIFICATION NUMBER
Classification number 660.284
Item number COU/1965
100 1# - MAIN ENTRY--PERSONAL NAME
Personal name Coughanowr, Donald R.
245 10 - TITLE STATEMENT
Title Process systems analysis and control
250 ## - EDITION STATEMENT
Edition statement 1st ed.
260 ## - PUBLICATION, DISTRIBUTION, ETC. (IMPRINT)
Place of publication, distribution, etc. New York
Name of publisher, distributor, etc. McGraw-Hill
Date of publication, distribution, etc. 1965
300 ## - PHYSICAL DESCRIPTION
Extent xii, 491 p.
Other physical details ill.
Dimensions 21 cm.
490 ## - SERIES STATEMENT
Series statement McGraw-Hill chemical engineering series
650 #0 - SUBJECT ADDED ENTRY--TOPICAL TERM
Topical term or geographic name as entry element Control devices process engineering
700 ## - ADDED ENTRY--PERSONAL NAME
Personal name Koppel, Lowell B.
942 ## - ADDED ENTRY ELEMENTS (KOHA)
Koha item type General Book
Holdings
Koha full call number Koha item type Sublocation or collection (holding branch) Date acquired Not for loan Koha issues (times borrowed) Copy number Price effective from Damaged status Lost status Koha normalized classification for sorting Source of classification or shelving scheme Piece designation (barcode) Withdrawn status Koha date last seen Shelving location Location (home branch) Koha date last borrowed
660.284/COU/1965General BookCentral Library, BUET2015-03-03  12015-03-03  660_284000000000000_COU_1965 29699 2015-03-03Circulation sectionCentral Library, BUET 
660.284/COU/1965General BookCentral Library, BUET2015-03-03 122015-03-03  660_284000000000000_COU_1965 29689 2017-05-09Circulation sectionCentral Library, BUET2017-05-09
660.284/COU/1965General BookCentral Library, BUET2015-03-03  32015-03-03  660_284000000000000_COU_1965 29697 2015-03-03Circulation sectionCentral Library, BUET 
660.284/COU/1965General BookCentral Library, BUET2015-03-03  42015-03-03  660_284000000000000_COU_1965 29692 2015-03-03Circulation sectionCentral Library, BUET 
660.284/COU/1965General BookCentral Library, BUET2015-03-03  52015-03-03  660_284000000000000_COU_1965 29698 2015-03-03Circulation sectionCentral Library, BUET 
660.284/COU/1965General BookCentral Library, BUET2015-03-03  62015-03-03  660_284000000000000_COU_1965 29690 2015-03-03Circulation sectionCentral Library, BUET 
660.284/COU/1965General BookCentral Library, BUET2015-03-03  72015-03-03  660_284000000000000_COU_1965 29688 2015-03-03Cataloging to CirculationCentral Library, BUET 
660.284/COU/1965General BookCentral Library, BUET2015-03-04  82015-03-04  660_284000000000000_COU_1965 34519 2015-03-04Circulation sectionCentral Library, BUET 
660.284/COU/1965General BookCentral Library, BUET2015-05-11  92015-05-11  660_284000000000000_COU_1965 29694 2015-05-11Circulation sectionCentral Library, BUET 
660.284/COU/1965General BookCentral Library, BUET2015-05-11  102015-05-11  660_284000000000000_COU_1965 29696 2015-05-11Circulation sectionCentral Library, BUET 
660.284/COU/1965General BookCentral Library, BUET2015-05-13  112015-05-13  660_284000000000000_COU_1965 29695 2015-05-13Circulation sectionCentral Library, BUET 
660.284/COU/1965General BookCentral Library, BUET2015-05-14  122015-05-14  660_284000000000000_COU_1965 17869 2015-05-14Circulation sectionCentral Library, BUET 
660.284/COU/1965General BookCentral Library, BUET2015-05-18  132015-05-18  660_284000000000000_COU_1965 15822 2015-05-18Circulation sectionCentral Library, BUET 
660.284/COU/1965General BookCentral Library, BUET2015-06-20  142015-06-20  660_284000000000000_COU_1965 29700 2015-06-20Reading sectionCentral Library, BUET 
660.284/COU/1965General BookCentral Library, BUET2015-06-20  152015-06-20  660_284000000000000_COU_1965 29701 2015-06-20Reading sectionCentral Library, BUET 
660.284/COU/1965General BookCentral Library, BUET2015-07-10  162015-07-10  660_284000000000000_COU_1965 16716 2015-07-10Circulation sectionCentral Library, BUET